000 00516nam a2200169Ia 4500
003 GCL
008 140319s9999 xx 000 0 ara d
040 _aGCL /
_cGCL
082 0 4 _a276.45
_bو ذ
100 1 _aوتشمان نى
245 1 0 _aالذبيحة الحية /
_cوتشمان نى
700 1 _aوليم جندى
260 _a[S.N] :
_bدار الثقافة المسيحية
490 _aسلسلة دروس اساسية
_v0
650 0 4 _aالتعليم الدينى المسيحى
942 _2ddc
_cBK
999 _c54043
_d54043